Normal view
MARC view
Entry Personal Name
001 - CONTROL NUMBER
- control field: 62529
003 - CONTROL NUMBER IDENTIFIER
- control field: OSt
005 - DATE AND TIME OF LATEST TRANSACTION
- control field: 20160607113839.0
008 - FIXED-LENGTH DATA ELEMENTS
- fixed length control field: 160607|| aca||aabn | a|a d
040 ## - CATALOGING SOURCE
- Original cataloging agency: OSt
- Transcribing agency: OSt
100 ## - HEADING--PERSONAL NAME
- Personal name: श्रीवास्तव, सीता
670 ## - SOURCE DATA FOUND
- Source citation: Work cat.: (OSt)41480: श्रीवास्तव, सीता , भारतीय स्वतन्त्रता की कहानी , 2009









